000 01072nam a22002057a 4500
003 NALT
005 20251125233118.0
008 th tha d
040 _aNALT
041 _atha
090 _aKE 143.10
_bร399
245 0 0 _aร่างพระราชบัญญัติกองทุนสนับสนุนการป้องกันและปราบปรามการทุจริต พ.ศ. .... (ฉบับภาคประชาชน).
260 _aนนทบุรี :
_bสำนักงานปฏิรูป (สปร.),
_cม.ป.ป..
300 _a17 หน้า ;
_b
_c29 ซม.
650 4 _aการทุจริตและประพฤติมิชอบ
_919482
_xการป้องกันและปราบปราม
_xกฎหมายและระเบียบข้อบังคับ
850 _aNALT
856 4 0 _uhttps://hdl.handle.net/20.500.14156/500395
942 _cLB
_2local
999 _c72553
_d72553
998 _j104
_k นางสาวสายฝน ดีงาม